| 000 | 00957pam a2200277 a 4500 | ||
|---|---|---|---|
| 001 | 3757 | ||
| 005 | 20240430102807.0 | ||
| 020 | _a9780545103657 | ||
| 040 |
_aDLC _cDLC _beng |
||
| 050 | 0 | 0 |
_aPZ7.H1256 _b 2008 |
| 082 | 0 | 0 | _a813.54 |
| 100 | 1 | _aHahn, Mary Downing | |
| 245 | 1 | 0 |
_aWait till Helen comes : _ba ghost story / _cMary Downing Hahn. |
| 250 | _aFirst Scholastic paperback printing , October 2008 | ||
| 260 |
_aNew York : _bScholastic , _c2008. |
||
| 300 |
_a184 pages : _billustrations ; _c20 cm. |
||
| 505 | _aR | ||
| 520 | _aMolly and Michael dislike their spooky new stepsister Heather but realize that they must try to save her when she seems ready to follow a ghost child to her doom. | ||
| 521 |
_a750
_bLexile |
||
| 521 |
_aR
_bRaz-Plus |
||
| 650 | 1 |
_aGhosts _vFiction. |
|
| 650 | 1 |
_aSiblings _vFiction. |
|
| 650 | 1 |
_aStepfamilies _vFiction. |
|
| 906 |
_a7 _bcbc _corigcop _d2 _encip _f20 _gy-gencatlg |
||
| 942 |
_2ddc _cBK _n0 |
||
| 999 |
_c3757 _d3757 |
||